Springing ahead (Record no. 83802)

MARC details
000 -LEADER
fixed length control field 00798cab a22002535a 4500
001 - CONTROL NUMBER
control field L155064
008 - FIXED-LENGTH DATA ELEMENTS--GENERAL INFORMATION
fixed length control field 120223e20120223xxk 000 0 eng d
035 ## - SYSTEM CONTROL NUMBER
System control number (Sirsi) u155064
041 0# - LANGUAGE CODE
Language code of text/sound track or separate title eng
100 1# - MAIN ENTRY--PERSONAL NAME
Personal name Ballantyne, Bernadette
245 00 - TITLE STATEMENT
Title Springing ahead
260 ## - PUBLICATION, DISTRIBUTION, ETC.
Date of publication, distribution, etc. 2012
490 ## - SERIES STATEMENT
Series statement New Civil Engineer
Volume/sequential designation 23 February 2012, 21-24(3)
520 ## - SUMMARY, ETC.
Summary, etc. Overview of construction activity in the Gulf states which is being driven by major infrastructure projects; project market value (£m) for 6 countries; UK firms active in the Middle East.
590 ## - LOCAL NOTE (RLIN)
Local note KA
651 #4 - SUBJECT ADDED ENTRY--GEOGRAPHIC NAME
Geographic name MENEA
651 #4 - SUBJECT ADDED ENTRY--GEOGRAPHIC NAME
Geographic name Qatar
651 #4 - SUBJECT ADDED ENTRY--GEOGRAPHIC NAME
Geographic name Saudi Arabia
651 #4 - SUBJECT ADDED ENTRY--GEOGRAPHIC NAME
Geographic name Kuwait
690 ## - LOCAL SUBJECT ADDED ENTRY--TOPICAL TERM (OCLC, RLIN)
Topical term or geographic name as entry element Project management
9 (RLIN) 6261
690 ## - LOCAL SUBJECT ADDED ENTRY--TOPICAL TERM (OCLC, RLIN)
Topical term or geographic name as entry element Construction management
9 (RLIN) 6230
690 ## - LOCAL SUBJECT ADDED ENTRY--TOPICAL TERM (OCLC, RLIN)
Topical term or geographic name as entry element Cost management
9 (RLIN) 6233
942 ## - ADDED ENTRY ELEMENTS (KOHA)
Suppress in OPAC 0
Holdings
Withdrawn status Lost status Source of classification or shelving scheme Damaged status Not for loan Home library Current library Shelving location Date acquired Total Checkouts Full call number Barcode Date last seen Copy number Price effective from Koha item type
    Dewey Decimal Classification     London London Journal article 23/02/2012   L155064 155064-1001 06/08/2019 1 06/08/2019 Journal article